| 000 | 00732nam a2200241 i 4500 | ||
|---|---|---|---|
| 001 | 88740 | ||
| 003 | ES-MaACL | ||
| 005 | 20230906175922.0 | ||
| 007 | t| | ||
| 008 | 041220s1989 sp ||||1| spa d | ||
| 020 | _a84-7738-062-7 | ||
| 080 | _a800.1/.2 | ||
| 100 | 1 |
_aRidruejo Alonso, Emilio. _997068 |
|
| 245 | 1 | 4 |
_aLas estructuras gramaticales desde el punto de vista histórico / _cEmilio Ridruejo Alonso. |
| 260 |
_aMadrid : _bSíntesis, _c[1989] |
||
| 300 |
_a131 p. ; _c22 cm. |
||
| 490 | 1 |
_aLingüística ; _v10 |
|
| 504 | _aBibliografía: p. 119-125. | ||
| 650 | 1 | 4 |
_aLingüística histórica. _914478 |
| 830 | 0 |
_aLingüística ; _v10 _9178629 |
|
| 852 |
_aES-MaACL _jE-10595 _bR.134836 |
||
| 999 |
_c88740 _d88740 |
||